| 000 | 00775nam a22002297a 4500 | ||
|---|---|---|---|
| 003 | OSt | ||
| 005 | 20251204113126.0 | ||
| 008 | 251204b |||||||| |||| 00| 0 eng d | ||
| 020 | _a 978-971-510-2469 | ||
| 040 |
_aDWC-Main lib _cOC |
||
| 082 |
_2Newly revised edition _aFil. 241.19 P473c 2004 |
||
| 100 | _aPeschke, Karl H. | ||
| 245 |
_aChristian ethics : _bmoral theology in the light of Vatican II/ _cKarl H. Peschke |
||
| 250 | _a Newly revised edition | ||
| 260 |
_aManila : _b Logos Publications Inc., _cc2004. |
||
| 300 |
_axv, 846 pages : _b illustrations ; _c21cm. |
||
| 504 | _aIncludes index. | ||
| 650 | _a1. Catholic church. | ||
| 650 | _a2. Christian ethics - Catholic authors. | ||
| 650 | _a3. Christian ethics. | ||
| 942 |
_2ddc _cBK - FIL _kFil. _n0 |
||
| 999 |
_c6822 _d6822 |
||